Topological vector spaces (Record no. 703505)

MARC details
000 -LEADER
fixed length control field 00935nam a2200301Ia 4500
003 - CONTROL NUMBER IDENTIFIER
control field OSt
005 - DATE AND TIME OF LATEST TRANSACTION
control field 20220927114234.0
008 - FIXED-LENGTH DATA ELEMENTS--GENERAL INFORMATION
fixed length control field 220926b |||||||| |||| 00| 0 eng d
020 ## - INTERNATIONAL STANDARD BOOK NUMBER
International Standard Book Number 9781584888666
037 ## - SOURCE OF ACQUISITION
Terms of availability Textbook
040 ## - CATALOGING SOURCE
Original cataloging agency RTL
Transcribing agency RTL
Language of cataloging eng
041 ## - LANGUAGE CODE
Source of code eng
Language code of text/sound track or separate title eng
100 ## - MAIN ENTRY--PERSONAL NAME
Personal name Narici Lawrence
9 (RLIN) 387670
245 #0 - TITLE STATEMENT
Title Topological vector spaces
250 ## - EDITION STATEMENT
Edition statement 2
260 ## - PUBLICATION, DISTRIBUTION, ETC.
Place of publication, distribution, etc. Boca
Name of publisher, distributor, etc. Raton CRC Press
Date of publication, distribution, etc. 2011
300 ## - PHYSICAL DESCRIPTION
Extent "xvii, 610p"
Dimensions cm.
490 ## - SERIES STATEMENT
Series statement Pure and Applied Mathematics: A Series of Monographs and Text Books
500 ## - GENERAL NOTE
General note Bibliography: P 555-90
650 ## - SUBJECT ADDED ENTRY--TOPICAL TERM
Topical term or geographic name entry element Economics
700 ## - ADDED ENTRY--PERSONAL NAME
Personal name Beckenstein Edward
9 (RLIN) 387671
942 ## - ADDED ENTRY ELEMENTS (KOHA)
Classification part "B316, Q1"
Koha item type
Holdings
Withdrawn status Lost status Damaged status Not for loan Home library Current library Date acquired Source of acquisition Cost, normal purchase price Total Checkouts Full call number Barcode Date last seen Cost, replacement price Price effective from Koha item type
        Ratan Tata Library Ratan Tata Library 2022-09-27 "284, 16/12/2010, VDT Research Press" 3513.50   "B316 Q1" RT1475074 2022-09-27 3513.50 2022-09-27 Textbook
Copyright @ Delhi University Library System